Southville International School and Colleges
Your cart is empty.
  • Cart
  • Lists
    Public lists Eva Luna New books Lux_list list_1
    Your lists Log in to create your own lists
  • Log in to your account
  • Your cookies
  • Search history
Southville International School and Colleges
  • Advanced search
  • Recent comments
  • Most popular
  • Libraries

Log in to your account

Log in with GOOGLE


If you do not have an external account, but do have a local account, you can still log in:

  1. Home
  2. MARC view: Complete physics for Cambridge IGCSE :
Normal view MARC view ISBD view

Complete physics for Cambridge IGCSE : (Record no. 344420)

[ view plain ]
MARC details
000 -LEADER
fixed length control field 00904nam a22002297a 4500
003 - CONTROL NUMBER IDENTIFIER
control field SISC
005 - DATE AND TIME OF LATEST TRANSACTION
control field 20171019104014.0
008 - FIXED-LENGTH DATA ELEMENTS--GENERAL INFORMATION
fixed length control field 171019b xxu||||| |||| 00| 0 eng d
020 ## - INTERNATIONAL STANDARD BOOK NUMBER
International Standard Book Number 9780198308775
050 ## - LIBRARY OF CONGRESS CALL NUMBER
Classification number CD QC 21.2
Item number .C712 2015
100 ## - MAIN ENTRY--PERSONAL NAME
Personal name Collins, Ian
245 ## - TITLE STATEMENT
Title Complete physics for Cambridge IGCSE :
Remainder of title teacher resource pack /
Statement of responsibility, etc Ian Collins
250 ## - EDITION STATEMENT
Edition statement Third edition
260 ## - PUBLICATION, DISTRIBUTION, ETC. (IMPRINT)
Place of publication, distribution, etc Oxford :
Name of publisher, distributor, etc Oxford University Press,
Date of publication, distribution, etc c2015.
300 ## - PHYSICAL DESCRIPTION
Extent 1 CD
500 ## - GENERAL NOTE
General note Accompanying material of the book entitled " Complete physics for Cambridge IGCSE: teacher resource pack" with the barcode 20466.
538 ## - SYSTEM DETAILS NOTE
System details note PC and MAC compatible version 1.0
650 ## - SUBJECT ADDED ENTRY--TOPICAL TERM
Source of heading or term Library of Congress Subject Headings
Topical term or geographic name as entry element Physics
General subdivision Study and teaching (Secondary)
Geographic subdivision Great Britain
650 ## - SUBJECT ADDED ENTRY--TOPICAL TERM
Source of heading or term Library of Congress Subject Headings
Topical term or geographic name as entry element Physics
General subdivision Study and teaching (Secondary)
942 ## - ADDED ENTRY ELEMENTS (KOHA)
Source of classification or shelving scheme Library of Congress Classification
Koha item type Audio Visual Materials
Holdings
Withdrawn status Lost status Source of classification or shelving scheme Damaged status Home library Current library Shelving location Date acquired Source of acquisition Sub Shelving location Total Checkouts Full call number Barcode Date last seen Price effective from Koha item type
    Library of Congress Classification   Luxembourg Library Luxembourg Library Audio Visual Material Section 10/19/2017 Library Fund     CD QC 21.2 .C712 2015 AV1549 10/19/2017 10/19/2017 Audio Visual Materials

Complete physics for Cambridge IGCSE :

APA

Collins I., . (2015). Complete physics for Cambridge IGCSE. Oxford: Oxford University Press.

Chicago

Collins Ian, . 2015. Complete physics for Cambridge IGCSE. Oxford: Oxford University Press.

Harvard

Collins I., . (2015). Complete physics for Cambridge IGCSE. Oxford: Oxford University Press.

MLA

Collins Ian, . Complete physics for Cambridge IGCSE. Oxford: Oxford University Press. 2015.

  • Place hold
  • Print
  • Cite
  • Add to your cart (remove)
  • Save record
    BIBTEX Dublin Core MARCXML MARC (non-Unicode/MARC-8) MARC (Unicode/UTF-8) MARC (Unicode/UTF-8, Standard) MODS (XML) RIS
  • More searches
    Search for this title in:
    Other Libraries (WorldCat) Other Databases (Google Scholar) Online Stores (Bookfinder.com) Open Library (openlibrary.org)

Exporting to Dublin Core...

SOUTHVILLE LIBRARY

Southville International School and Colleges Library

1281 Tropical Ave. Cor. Luxembourg St., BF Homes International, Las Pinas City

Tel. No. 8256374 / 252358 Loc. 117/146

Powered by Koha